| 000 | 01020nam a22003371i 4500 | ||
|---|---|---|---|
| 001 | 01198458 | ||
| 003 | DO-SdBPM | ||
| 005 | 20250408102910.0 | ||
| 007 | 01198458 | ||
| 008 | 930725s1981 sp spa | ||
| 017 |
_a _b |
||
| 020 | _a8422658984 | ||
| 035 | _a | ||
| 040 |
_aDO-SdBPM _bspa _cBPMSU |
||
| 041 | 1 |
_aspa _h |
|
| 080 | 0 | _a | |
| 082 | 4 |
_a843.91 _bM775d 1996 _222 |
|
| 100 | 1 |
_aMonteilhet, Hubert _d1928- |
|
| 245 | 1 | 0 |
_aDe profesión, fantasma / _cH. Monteilhet ;traducción Manuel Barbadillo ; ilustraciones J. M. Barthélemy _h |
| 260 |
_aMadrid _bS.M. _cD.L. 1996 |
||
| 300 |
_a222 p.: _bil. ; _c22 cm |
||
| 490 | 0 | _aEl barco de vapor | |
| 534 |
_pTítulo original : _tUn métier de fantôme |
||
| 590 | _aInventariado, 2025/VM | ||
| 650 | 4 | _aCuentos infantiles franceses | |
| 650 | 4 |
_aFantasma _vCuentos infantiles |
|
| 700 | 1 |
_aBarbadillo, Manuel _etraductor |
|
| 700 | 1 |
_aBarthélemy, J. M. _eilustraciones |
|
| 910 | _aVMateo V. Control de calidad. BPMSU | ||
| 942 |
_2ddc _cBK |
||
| 999 |
_c9664 _d9664 |
||